000 00329 a2200157 4500
001 161452
020 _a
040 _cMagnum
100 _aForjaz, Sonia Salerno
240 1 0 _aMeu destino sou eu
_lpor
245 1 0 _aMeu destino sou eu
362 0 _a1899
440 1 _aFTD
697 _aJ/SOCIEDADE, COTIDIANO
942 _cBK
999 _c161452
_d161452